000 00902nam a2200313Ia 4500
001 Z_4901
003 CHAP
008 220113s2003 xx 000 0 und d
010 _a167955
020 _a970-10-3894-0
040 _cCHAP
082 _a540 C43 2003
100 1 _aChang, Raymond
_921856
245 _aQuímica /
_c Raymond Chang; traducción María del Carmen Ramírez Medeles; revisión José Clemente Reza García
250 _a7a ed.
260 _aColombia :
_bMc Graw-Hill,
_c2003
300 _a1001 p.
500 _aTraducción de la septima edición de: Chemistry de 2003
503 _aej.1 - ej. ?: C/E
650 _aQuímica
_993552
700 _a Reza García, José Clemente, rev.
_9141216
700 _aRamírez Medeles, María del Carmen, tr.
_9141217
901 _a540 C43 2003
902 _aM
910 _a2003
942 _c1
942 _cc1
999 _c167955
_d167955